000 00657nam a2200229 a 4500
005 20210219153404.0
008 991125n 000 0 u
035 _aUPN01000095801
100 1 _aWade, Barrie
222 0 _aBRITISH JOURNAL OF SPECIAL EDUCATION
245 0 0 _aReading recovery : myth and reality
260 _aReino Unido
300 _a48-51
362 0 _a1992 Vol.19, No. 2, jun.
653 0 _aEFICACIA DE LA ENSEƑANZA
653 0 _aESTUDIANTES CON NECESIDADES ESPECIALES
653 0 _aINSTRUCCION DE LA LECTURA
653 0 _aLECTURA TERAPEUTICA
653 0 _aREADING DIFFICULTIES
904 _aAC
_b033612
905 _aArticulo
999 _c75663
_d75663